Normal view MARC view
  • The Economics of transport

Entry Topical Term

Number of records used in: 1

001 - CONTROL NUMBER

  • control field: 109695

003 - CONTROL NUMBER IDENTIFIER

  • control field: NUST

005 - DATE AND TIME OF LATEST TRANSACTION

  • control field: 20230301155733.0

008 - FIXED-LENGTH DATA ELEMENTS

  • fixed length control field: 230301|| aca||aabn | a|a d

040 ## - CATALOGING SOURCE

  • Original cataloging agency: NUST
  • Transcribing agency: NUST

150 ## - HEADING--TOPICAL TERM

  • Topical term or geographic name entry element: The Economics of transport

670 ## - SOURCE DATA FOUND

  • Source citation: Work cat.: (NUST)184467: Bonavia, Michael Robert. 109694, The Economics of transport /, etc., etc., 1936
© 2023 Central Library, National University of Sciences and Technology. All Rights Reserved.